Industrial availability soars (Record no. 71699)

MARC details
000 -LEADER
fixed length control field 00892cam a2200193 4500
001 - CONTROL NUMBER
control field WB3845-07
008 - FIXED-LENGTH DATA ELEMENTS--GENERAL INFORMATION
fixed length control field 021203n2002 000 0 eng u
035 ## - SYSTEM CONTROL NUMBER
System control number (Sirsi) u120653
245 ## - TITLE STATEMENT
Title Industrial availability soars
260 ## - PUBLICATION, DISTRIBUTION, ETC.
Date of publication, distribution, etc. 2002
490 ## - SERIES STATEMENT
Series statement King Sturge Press Release
Volume/sequential designation 25 November 2002, (1)
520 ## - SUMMARY, ETC.
Summary, etc. King Sturge's latest "Industrial & distribution floorspace today" research shows that available industrial floorspace in the UK has risen to 17m sq m, the highest level since 1992. The figures are attributed to the uncertain economic climate during 2002, which prompted many businesses to delay expansion plans. www.kingsturge.com/site/docs/pressoffice/newsdisplay.cfm?NID=%24%29I7%25K%20%2D%20%0A
590 ## - LOCAL NOTE (RLIN)
Local note WB
650 ## - SUBJECT ADDED ENTRY--TOPICAL TERM
Topical term or geographic name entry element KING STURGE
650 ## - SUBJECT ADDED ENTRY--TOPICAL TERM
Topical term or geographic name entry element INDUSTRIAL FLOORSPACE
650 ## - SUBJECT ADDED ENTRY--TOPICAL TERM
Topical term or geographic name entry element INDUSTRIAL MARKET
690 ## - LOCAL SUBJECT ADDED ENTRY--TOPICAL TERM (OCLC, RLIN)
Topical term or geographic name as entry element PROPERTY-COMMERCIAL PROPERTY
942 ## - ADDED ENTRY ELEMENTS (KOHA)
Suppress in OPAC 0
Holdings
Withdrawn status Lost status Source of classification or shelving scheme Damaged status Not for loan Home library Current library Shelving location Date acquired Total Checkouts Full call number Barcode Date last seen Copy number Price effective from Koha item type
    Dewey Decimal Classification     London London News article 03/12/2002   WB3845-07 120653-1001 06/08/2019 1 06/08/2019 News article